| 000 | 00527nam a22001577a 4500 | ||
|---|---|---|---|
| 005 | 20090223151620.0 | ||
| 008 | 090223t xxu||||| |||| 00| 0 eng d | ||
| 245 | _aKrishnamurti Foundation India Bulletin | ||
| 260 |
_aChennai _bKrishnamurti Foundation India _c2008- |
||
| 300 |
_av. _c24 cm |
||
| 310 | _athrice in a year | ||
| 270 |
_a124, Greenways Road, _bChennai _e600028 |
||
| 365 | _eRs. 25.00 per copy | ||
| 942 |
_2ddc _cSR _s1 |
||
| 999 |
_c24184 _d24184 |
||